000 00303pab a2200121 454500
008 180718b xxu||||| |||| 00| 0 eng d
100 _aSreedharan, E
245 _aKonkan Railway alignment in Goa State-true facts
650 _a Konkan
650 _aRailways
773 _aFinancial Express
909 _a21889
999 _c21889
_d21889